00467nam a2200133Ia 4500008004100000020001800041082001600059100003600075245009400111260004500205300001100250500002700261650004500288120622s9999 xx 000 0 und d a968-6891-06-4 a659.13 E32p aEgremy Alcázar, Francisco d´ aPublicidad sin palabras : el lenguaje no verbal de la publicidad / Francisco d´Egremy A. aMéxico : Ediciones y Distribuidora Mar a142 p. aIncluye bibliografía a1. PUBLICIDAD - ASPECTOS PSICOLOGICOSÌ